000 00810nam a2200265 4500
003 OSt
005 20260601193527.0
008 260421b1993 sp a|||| |||| 00| 0 eng d
020 _a8425215293
040 _aICI
_bspa
_cICI
050 _aNC997
_bZ5318
100 1 _aZimmermann Asociados S.L.
_935866
245 1 _aZimmermann asociados s. l. /
_cIntrod. Norberto chaves ; tr. Graham thomson
264 _bGustavo Gili,
_c1993
_aBarcelona :
300 _a96 páginas
336 _atexto
_2rdacontent
337 _asin medio
_2rdamedia
338 _avolumen
_2rdacarrier
500 _aTexto en español e ingles
650 _aArte comercial
_935867
650 _aArtes gráficas
_935868
700 _aChaves, Norberto,
_eprologuista
_935869
700 _aThomson, Graham,
_etraductor
_935870
942 _2lcc
_cB
999 _c21212
_d21212